Tvorivosť ako umelecký jav

Bibliographic Details
Main Author: Šárik, Ľubomír (Author)
Format: Article
Language:Slovak
Subjects:

MARC

LEADER 00000nab a2200000 a 4500
001 vtls000553877
003 SK-MaSNL
005 20260304085156.0
008 250425c1995 xo 0 slo
015 |a SNBRB19rr/mm-uuuuu 
035 |a CL0554015 
035 |a urn:nbn:sk:snk-abdp7j 
035 |a (urnnbn)urn:nbn:sk:snk:ar-0013wy 
035 |a (uuid)915f58a7-4055-4456-a546-e0395abe660e 
040 |a SNKBUCL  |b slo  |c SNKBUCL  |e AACR2 
041 0 |a slo 
044 |a xo  |c SK 
080 |a 792.091.4.077:792.077-053.2(437.6)  |2 1981 
080 |a 792.077-053.2(437.6)  |2 1981 
100 1 |a Šárik, Ľubomír  |4 aut  |9 287501 
245 1 0 |a Tvorivosť ako umelecký jav  |c Ľubomír Šárik 
300 |b Fotogr. 2 
650 0 7 |a detské divadlo  |2 snkbucl  |9 68487 
650 0 7 |a Detská divadelná Šaľa 1995  |2 snkbucl  |9 1229398 
655 7 |a články z novín a časopisov  |2 snkbucl  |9 267496 
773 0 |t Javisko  |g Roč. 27, č. 7-8 (1995), s. 23-25 
850 |a Slovenská národná knižnica 
852 |a Slovenská národná knižnica 
954 |a odborná, vedecká literatúra pôvodná (slovenská)  |2 lita 
958 |a article19 
958 |a OND 
958 |a RK 
958 |a SK 
958 |a EUIPO 
992 |a RBX 
999 |c 2806821  |d 2808751